Analýza potrieb praxe v oblasti ekonomického vzdelávania - pohľady absolventov Lekárskej fakulty Slovenskej zdravotníckej univerzity

Analýza potrieb praxe v oblasti ekonomického vzdelávania a názory absolventov Lekárskej fakulty Slovenskej zdravotníckej univerzity. Rozšírenie ekonomicko - manažérskych zručností zdravotníckych pracovníkov.

Gespeichert in:
Bibliographische Detailangaben
1. Verfasser: Jankelová, Nadežda, 1966-
Format: Buchkapitel
Sprache:Slowakisch
Schlagworte:
Tags: Tag hinzufügen
Keine Tags, Fügen Sie das erste Tag hinzu!

MARC

LEADER 00000naa$a2200000$$$4500
001 0192511
005 20240502073229.8
041 0 |a slo 
044 |a SK 
245 1 0 |a Analýza potrieb praxe v oblasti ekonomického vzdelávania - pohľady absolventov Lekárskej fakulty Slovenskej zdravotníckej univerzity  |c Nadežda Jankelová 
520 |a Analýza potrieb praxe v oblasti ekonomického vzdelávania a názory absolventov Lekárskej fakulty Slovenskej zdravotníckej univerzity. Rozšírenie ekonomicko - manažérskych zručností zdravotníckych pracovníkov. 
610 2 0 |a manažment 
610 2 0 |a manažéri 
610 2 0 |a riadenie vrcholové 
610 2 0 |a prax odborná 
610 2 0 |a vzdelávanie ďalšie 
610 2 0 |a zdravotníctvo 
610 2 0 |a ekonómia 
100 1 |a Jankelová, Nadežda, 1966-